000 01374cam a22003617a 4500
001 13457794
003 OSt
005 20150408113720.0
008 040114s2003 nyua 001 0 eng
010 _a 2004296161
015 _aGBA2-U9488
020 _a0072226234
035 _a(OCoLC)ocm50653213
040 _aUKM
_cUKM
_dIXA
_dOCLCQ
_dGZM
_dDLC
042 _alccopycat
050 0 0 _aTK5105.5668
_b.R45 2003
082 0 4 _a621.3845
_221
100 1 _aReid, Neil P.
_95741
245 1 0 _a802.11 (Wi-Fi) :
_bnetworking handbook /
_cNeil Reid and Ron Seide.
260 _aNew York :
_bMcGraw-Hill/Osborne,
_cc2003.
300 _axx, 363 p. :
_bill. ;
_c24 cm.
500 _aIncludes index.
650 0 _aIEEE 802.11 (Standard)
_95723
650 0 _aData transmission systems.
_95742
650 0 _aWireless communication systems.
_95743
650 0 _aLocal area networks (Computer networks)
_94818
700 1 _aSeide, Ron.
_95744
856 4 2 _3Publisher description
_uhttp://www.loc.gov/catdir/description/mh051/2004296161.html
856 4 2 _3Contributor biographical information
_uhttp://www.loc.gov/catdir/bios/mh042/2004296161.html
856 4 1 _3Table of contents
_uhttp://www.loc.gov/catdir/toc/mh041/2004296161.html
942 _2ddc
_cBOOK
999 _c524
_d235024